<?xml version="1.0" encoding="UTF-8"?>
<record
    xmlns:xsi="http://www.w3.org/2001/XMLSchema-instance"
    xsi:schemaLocation="http://www.loc.gov/MARC21/slim http://www.loc.gov/standards/marcxml/schema/MARC21slim.xsd"
    xmlns="http://www.loc.gov/MARC21/slim">

  <leader>00923nab a2200265 uc4500</leader>
  <controlfield tag="001">801174</controlfield>
  <controlfield tag="005">20250225151752.0</controlfield>
  <controlfield tag="008">030319e20021001                    por  </controlfield>
  <datafield tag="035" ind1=" " ind2=" ">
    <subfield code="a">801174</subfield>
  </datafield>
  <datafield tag="035" ind1=" " ind2=" ">
    <subfield code="a">(OCoLC)820013789</subfield>
  </datafield>
  <datafield tag="040" ind1=" " ind2=" ">
    <subfield code="c">comduadb</subfield>
  </datafield>
  <datafield tag="041" ind1=" " ind2=" ">
    <subfield code="a">por</subfield>
  </datafield>
  <datafield tag="100" ind1="1" ind2="0">
    <subfield code="a">Rabelo, Hermogenes</subfield>
    <subfield code="4">aut</subfield>
    <subfield code="e">aut</subfield>
    <subfield code="9">532796</subfield>
  </datafield>
  <datafield tag="245" ind1="1" ind2="2">
    <subfield code="a">A dieta e o consumo diario de alimento de Cichla monoculus na Amazonia Central</subfield>
  </datafield>
  <datafield tag="650" ind1=" " ind2="7">
    <subfield code="a">Peces</subfield>
    <subfield code="2">lemb</subfield>
    <subfield code="9">69255</subfield>
  </datafield>
  <datafield tag="650" ind1=" " ind2="7">
    <subfield code="a">H&#xE1;bitos alimenticios</subfield>
    <subfield code="2">lemb</subfield>
    <subfield code="9">79429</subfield>
  </datafield>
  <datafield tag="650" ind1=" " ind2="7">
    <subfield code="a">Ecolog&#xED;a animal</subfield>
    <subfield code="2">lemb</subfield>
    <subfield code="9">32955</subfield>
  </datafield>
  <datafield tag="650" ind1=" " ind2="7">
    <subfield code="a">Dieta</subfield>
    <subfield code="2">dcs</subfield>
    <subfield code="9">62543</subfield>
  </datafield>
  <datafield tag="650" ind1=" " ind2=" ">
    <subfield code="a">Crecimiento animal</subfield>
    <subfield code="9">52231</subfield>
  </datafield>
  <datafield tag="650" ind1=" " ind2=" ">
    <subfield code="a">Ictiologia</subfield>
    <subfield code="9">43503</subfield>
  </datafield>
  <datafield tag="650" ind1=" " ind2=" ">
    <subfield code="a">Cichla</subfield>
    <subfield code="9">64306</subfield>
  </datafield>
  <datafield tag="700" ind1="1" ind2="0">
    <subfield code="a">Lima, Carlos A.R.M. Araujo</subfield>
    <subfield code="4">aut</subfield>
    <subfield code="e">aut</subfield>
    <subfield code="9">368851</subfield>
  </datafield>
  <datafield tag="773" ind1="0" ind2=" ">
    <subfield code="t">Acta Amazonica (Manaus)</subfield>
    <subfield code="g">Volumen 32, N&#xFA;mero 04, Octubre-Diciembre 2002, p. 707-724</subfield>
    <subfield code="w">(CO-MdUADB)198142</subfield>
    <subfield code="x">0044-5967</subfield>
    <subfield code="0">88128</subfield>
    <subfield code="9">660309</subfield>
    <subfield code="o">61000005059493</subfield>
  </datafield>
  <datafield tag="942" ind1=" " ind2=" ">
    <subfield code="c">ARIMP</subfield>
  </datafield>
  <datafield tag="999" ind1=" " ind2=" ">
    <subfield code="c">278317</subfield>
    <subfield code="d">278317</subfield>
  </datafield>
</record>
